000
00266nam a2200109Ia 4500
999
_c
8578
_d
8578
020
_a
0-582-52330-3
100
_a
L.G. Alexander
245
0
_a
Practice And Progress an Integrated Course
260
_a
New Jersey
_b
World Scientific
_c
2002
300
_a
1154
942
_c
BK